header

Life in the hothouse (Record no. 201545)

MARC details
000 -LEADER
fixed length control field 01188nam a2200313Ia 4500
100 1# - MAIN ENTRY--AUTHOR NAME
Personal name Lenart, Melanie,
245 10 - TITLE STATEMENT
Title Life in the hothouse
260 ## - PUBLICATION, DISTRIBUTION, ETC. (IMPRINT)
Place of publication Tucson :
Name of publisher University of Arizona Press,
Year of publication c2010.
300 ## - PHYSICAL DESCRIPTION
Number of Pages 236 p.
650 #0 - SUBJECT ADDED ENTRY--TOPICAL TERM
Topical Term Gaia hypothesis.
Topical Term Global temperature changes.
856 40 - ELECTRONIC LOCATION AND ACCESS
Uniform Resource Identifier http://site.ebrary.com/lib/rucke/Doc?id=10563895

No items available.

© 2026 Rongo University
Contact us: librarian | system librarian | Rongo university